[Event "Aeroflot Open 2012 B"]
[Site "Moscow"]
[Date "2012.02.07"]
[Round "1"]
[White "Guliyev, Namig"]
[Black "Hayrapetyan, Hovik"]
[Result "0-1"]
[WhiteElo "2545"]
[BlackElo "2406"]
[PlyCount "96"]
[EventDate "2012.02.07"]
[EventType "swiss"]
[EventRounds "9"]
[EventCountry "RUS"]

1. e4 c5 2. Nf3 e6 3. d4 cxd4 4. Nxd4 a6 5. Bd3 Qc7 6. O-O Nc6 7. Nxc6 dxc6 8.
f4 Bc5+ 9. Kh1 e5 10. f5 Nf6 11. Qe2 b5 12. Nd2 Bb7 13. a4 Be7 14. Nb3 O-O 15.
g4 c5 16. g5 c4 17. gxf6 Bxf6 18. Rg1 Rfd8 19. Bh6 Kh8 20. Bg5 Bxg5 21. Rxg5 f6
22. Rg3 cxb3 23. cxb3 Rd4 24. Rag1 Rad8 25. axb5 axb5 26. Bb1 Qd7 27. Rxg7 Qxg7
28. Rxg7 Kxg7 29. Qxb5 Ba8 30. Qc5 R8d7 31. Kg2 Bxe4+ 32. Bxe4 Rxe4 33. Kf3
Rf4+ 34. Ke3 Rb7 35. Kd2 Rfb4 36. Kc1 Rxb3 37. Qg1+ Kf7 38. Qg4 Rxb2 39. Qc4+
Kg7 40. h4 R2b4 41. Qc8 Rf7 42. Qc3 Rg4 43. h5 Rg5 44. Qf3 Kh6 45. Qe3 Rc7+ 46.
Kb2 Rc4 47. Qb6 Rxf5 48. Qe6 Rcf4 0-1

[Event "Aeroflot Open 2012 B"]
[Site "Moscow"]
[Date "2012.02.07"]
[Round "1"]
[White "Kreisl, Robert"]
[Black "Wen, Yang"]
[Result "1/2-1/2"]
[WhiteElo "2406"]
[BlackElo "2543"]
[PlyCount "61"]
[EventDate "2012.02.07"]
[EventType "swiss"]
[EventRounds "9"]
[EventCountry "RUS"]

1. Nf3 Nf6 2. c4 g6 3. Nc3 Bg7 4. g3 O-O 5. Bg2 d6 6. d4 Nc6 7. O-O Rb8 8. b3
a6 9. d5 Na5 10. Bd2 c5 11. a4 e6 12. dxe6 Bxe6 13. Ng5 Bf5 14. Nh3 Qb6 15. Ra3
Nc6 16. Nf4 Nb4 17. e4 Bg4 18. f3 Be6 19. Ra1 Nd7 20. Rb1 Ne5 21. Kh1 Nec6 22.
Ncd5 Bxd5 23. Nxd5 Nxd5 24. cxd5 Nb4 25. f4 Rbe8 26. f5 Qd8 27. Qf3 Bf6 28. Bh6
Bg7 29. Bd2 Bf6 30. Bh6 Bg7 31. Bd2 1/2-1/2

[Event "Aeroflot Open 2012 B"]
[Site "Moscow"]
[Date "2012.02.07"]
[Round "1"]
[White "Nitin, S."]
[Black "Rogozenco, Dorian"]
[Result "1-0"]
[WhiteElo "2399"]
[BlackElo "2539"]
[PlyCount "87"]
[EventDate "2012.02.07"]
[EventType "swiss"]
[EventRounds "9"]
[EventCountry "RUS"]

1. e4 c5 2. Nf3 d6 3. d4 cxd4 4. Nxd4 Nf6 5. Nc3 g6 6. Be3 Bg7 7. f3 Nc6 8. Qd2
O-O 9. O-O-O d5 10. Kb1 Rb8 11. Nb3 dxe4 12. Qxd8 Rxd8 13. Rxd8+ Nxd8 14. Bxa7
Ra8 15. Bb6 Bf5 16. g4 Be6 17. fxe4 Bxb3 18. axb3 Nxg4 19. Be2 Ne5 20. b4 Ndc6
21. b5 Nb8 22. Rd1 Nbd7 23. Bc7 e6 24. b6 h5 25. Bb5 Nf8 26. Na4 h4 27. b3 Bf6
28. c4 g5 29. Nc5 Nf3 30. Ba4 g4 31. Nxb7 Bd4 32. Nd8 Bxb6 33. Bxb6 Nxh2 34. c5
g3 35. c6 Nf3 36. c7 h3 37. Bc6 Rc8 38. e5 Nxe5 39. Bb7 Nfd7 40. Nxe6 Nxb6 41.
Bxc8 h2 42. Bb7 fxe6 43. Rd6 Ned7 44. Rxd7 1-0

[Event "Aeroflot Open 2012 B"]
[Site "Moscow"]
[Date "2012.02.07"]
[Round "1"]
[White "Baghdasaryan, Vahe"]
[Black "Kunin, Vitaly"]
[Result "0-1"]
[WhiteElo "2393"]
[BlackElo "2537"]
[PlyCount "74"]
[EventDate "2012.02.07"]
[EventType "swiss"]
[EventRounds "9"]
[EventCountry "RUS"]

1. e4 d6 2. f4 Nf6 3. Nc3 Nbd7 4. Nf3 e5 5. Bc4 Be7 6. d4 exd4 7. Qxd4 O-O 8.
Be3 c6 9. O-O-O b5 10. Be2 c5 11. Qd3 b4 12. Nd5 Nxd5 13. exd5 a5 14. Rde1 Nf6
15. Ng5 h6 16. h4 Ba6 17. Qd1 Bxe2 18. Rxe2 Qd7 19. Qd3 Rfc8 20. Bf2 a4 21. Qh3
Ra7 22. Qd3 Qg4 23. Rhe1 Qxf4+ 24. Kb1 hxg5 25. g3 Qg4 26. Rxe7 Rxe7 27. Rxe7
gxh4 28. gxh4 a3 29. Re1 axb2 30. Rg1 Qe4 31. Qg3 g6 32. h5 Nxh5 33. Qxd6 c4
34. Re1 Qf5 35. Qxb4 Qxf2 36. d6 Nf6 37. Qc3 Rd8 0-1

[Event "Aeroflot Open 2012 B"]
[Site "Moscow"]
[Date "2012.02.07"]
[Round "1"]
[White "Wang, Jue"]
[Black "Arun Prasad, S."]
[Result "1/2-1/2"]
[WhiteElo "2388"]
[BlackElo "2530"]
[PlyCount "79"]
[EventDate "2012.02.07"]
[EventType "swiss"]
[EventRounds "9"]
[EventCountry "RUS"]

1. e4 c5 2. Nf3 d6 3. d4 cxd4 4. Nxd4 Nf6 5. Nc3 a6 6. Be3 e5 7. Nb3 Be6 8. Qd2
Nbd7 9. f4 Rc8 10. f5 Bc4 11. Bxc4 Rxc4 12. Qd3 Rc8 13. O-O-O b5 14. Kb1 Qc7
15. g4 Nxg4 16. Nd5 Qc4 17. Na5 Qxd3 18. cxd3 Nxe3 19. Nxe3 Be7 20. Rc1 Rxc1+
21. Rxc1 Nc5 22. Nd5 Bg5 23. Rg1 f6 24. Kc2 Kd7 25. h4 Bh6 26. b4 Na4 27. Kb3
Rb8 28. Rg2 Nb6 29. h5 Nxd5 30. exd5 Re8 31. Re2 Rg8 32. Nc6 Bg5 33. Rh2 Re8
34. Re2 Kc7 35. Nd4 Kd7 36. Ne6 Rc8 37. Rc2 Rxc2 38. Kxc2 Bh6 39. Kd1 Kc8 40.
Kc2 1/2-1/2

[Event "Aeroflot Open 2012 B"]
[Site "Moscow"]
[Date "2012.02.07"]
[Round "1"]
[White "Minasian, Artashes"]
[Black "Akshayraj, Kore"]
[Result "0-1"]
[WhiteElo "2525"]
[BlackElo "2386"]
[PlyCount "136"]
[EventDate "2012.02.07"]
[EventType "swiss"]
[EventRounds "9"]
[EventCountry "RUS"]

1. g3 d5 2. Bg2 e5 3. c3 Nf6 4. d4 exd4 5. cxd4 Bd6 6. Nc3 c6 7. Nh3 O-O 8. O-O
Re8 9. Qc2 Nbd7 10. Rb1 a5 11. a3 Nb6 12. Nf4 Qe7 13. f3 c5 14. Nb5 cxd4 15.
Nxd6 Qxd6 16. Rd1 Nc4 17. Qd3 g5 18. Nh3 Bxh3 19. Bxh3 Ne3 20. Qxd4 Nxd1 21.
Bxg5 Ne4 22. fxe4 Qg6 23. Qd2 Ne3 24. Qxe3 Rxe4 25. Qd2 Re5 26. Rc1 Qxg5 27.
Qxg5+ Rxg5 28. Rc7 Rb8 29. Bg2 Re5 30. Kf2 Rbe8 31. Bf3 b6 32. b4 R8e7 33. Rc8+
Kg7 34. bxa5 bxa5 35. Ra8 d4 36. Rd8 Re3 37. a4 Rb3 38. Bc6 d3 39. exd3 Rb2+
40. Kf3 Re6 41. Bb5 Rxh2 42. d4 Rhh6 43. Ra8 Rhf6+ 44. Kg2 Rd6 45. Rxa5 Rxd4
46. Ra7 Rb4 47. Rd7 Rb2+ 48. Kh3 Rb3 49. Rd4 h5 50. Rd5 Rff3 51. Rg5+ Kh6 52.
Kh4 Rb4+ 53. g4 hxg4 54. Rxg4 Rff4 55. Rxf4 Rxf4+ 56. Kg3 Rb4 57. Kf3 Kg5 58.
Ke3 f5 59. Kd3 f4 60. Kc3 Rb1 61. Bd3 Ra1 62. Kb4 f3 63. a5 Kf4 64. Kb5 Ke3 65.
Bc4 Kd4 66. Be6 Ke5 67. Bg4 f2 68. Bh3 Kf4 0-1

[Event "Aeroflot Open 2012 B"]
[Site "Moscow"]
[Date "2012.02.07"]
[Round "1"]
[White "Swayams, Mishra"]
[Black "Iljushin, Alexei"]
[Result "0-1"]
[WhiteElo "2386"]
[BlackElo "2523"]
[PlyCount "74"]
[EventDate "2012.02.07"]
[EventType "swiss"]
[EventRounds "9"]
[EventCountry "RUS"]

1. d4 d5 2. c4 c6 3. Nf3 Nf6 4. Nc3 a6 5. a4 e6 6. Bg5 Nbd7 7. e3 Qa5 8. cxd5
exd5 9. Nd2 Bb4 10. Qc2 O-O 11. Bd3 Re8 12. O-O Bd6 13. Rae1 Qc7 14. Nf3 h6 15.
Bh4 b6 16. Rc1 c5 17. dxc5 bxc5 18. Rfd1 Bb7 19. Be2 Rab8 20. Rd2 d4 21. exd4
Bxf3 22. Bxf3 Bxh2+ 23. Kh1 Bf4 24. Ne2 Bxd2 25. Qxd2 Qb6 26. a5 Qxb2 27. Qxb2
Rxb2 28. dxc5 Ne5 29. Nd4 Nxf3 30. gxf3 Reb8 31. Kg2 Rb1 32. Rc2 R8b2 33. Rxb2
Rxb2 34. Bg3 Nd5 35. Bd6 Ra2 36. c6 Rd2 37. Nb3 Ne3+ 0-1

[Event "Aeroflot Open 2012 B"]
[Site "Moscow"]
[Date "2012.02.07"]
[Round "1"]
[White "Alavkin, Arseny"]
[Black "Reshetnikov, Alexey"]
[Result "1/2-1/2"]
[WhiteElo "2383"]
[BlackElo "2514"]
[PlyCount "91"]
[EventDate "2012.02.07"]
[EventType "swiss"]
[EventRounds "9"]
[EventCountry "RUS"]

1. e4 c5 2. Nf3 e6 3. c3 d5 4. exd5 Qxd5 5. Na3 Nf6 6. d4 Nc6 7. Be3 cxd4 8.
Nb5 Qd8 9. Nbxd4 Nd5 10. Bd2 Nxd4 11. Nxd4 Bc5 12. Bb5+ Bd7 13. Qa4 O-O 14.
Bxd7 Nb6 15. Qc2 Qxd7 16. Nb3 Bd6 17. O-O Qc7 18. h3 Rfd8 19. Rad1 Rd7 20. Kh1
a6 21. Qe4 Rad8 22. Bg5 Be7 23. Rxd7 Qxd7 24. Bxe7 Qxe7 25. Qf3 Nc4 26. Qe2 Qc7
27. Nd4 b5 28. a3 h6 29. Re1 Rd5 30. Ra1 Qd6 31. a4 e5 32. axb5 exd4 33. Qxc4
dxc3 34. bxc3 axb5 35. Qe4 f5 36. Qf3 Qe5 37. g3 Kh7 38. Kg2 Rc5 39. Rb1 Kg6
40. Rb4 Qc7 41. Rb3 Qe5 42. Rb4 Kf6 43. Qb7 Qd5+ 44. Qxd5 Rxd5 45. c4 bxc4 46.
Rxc4 1/2-1/2

[Event "Aeroflot Open 2012 B"]
[Site "Moscow"]
[Date "2012.02.07"]
[Round "1"]
[White "Bogdanovich, Stanislav"]
[Black "Padmini, Rout"]
[Result "1-0"]
[WhiteElo "2513"]
[BlackElo "2383"]
[PlyCount "99"]
[EventDate "2012.02.07"]
[EventType "swiss"]
[EventRounds "9"]
[EventCountry "RUS"]

1. e4 c5 2. Nf3 d6 3. d4 cxd4 4. Nxd4 Nf6 5. Nc3 a6 6. h3 e6 7. g4 Be7 8. Bg2
Nfd7 9. a4 Nc6 10. O-O O-O 11. Be3 Nde5 12. Qe2 Bd7 13. f4 Nxd4 14. Bxd4 Ng6
15. Be3 Rc8 16. Rad1 Re8 17. Qf2 Qc7 18. Bb6 Qb8 19. a5 Bc6 20. g5 e5 21. f5
Nf4 22. h4 Bd8 23. Rd2 Bxb6 24. Qxb6 Rcd8 25. Rfd1 Rd7 26. Bf1 Rc8 27. Bc4 Bxe4
28. Nxe4 Rxc4 29. Rxd6 Rxd6 30. Rxd6 Rd4 31. c3 Rxd6 32. Qxd6 Qc8 33. Qxe5 Nd3
34. Qd5 Nxb2 35. h5 Kf8 36. Qd6+ Kg8 37. Qd5 Kf8 38. g6 hxg6 39. hxg6 fxg6 40.
Ng5 Ke7 41. Qe5+ Kf8 42. Qd6+ Ke8 43. Qxg6+ Kd8 44. Ne6+ Ke7 45. Qxg7+ Kd6 46.
Qd4+ Ke7 47. Qh4+ Kd7 48. Qd4+ Ke7 49. f6+ Kf7 50. Nd8+ 1-0

[Event "Aeroflot Open 2012 B"]
[Site "Moscow"]
[Date "2012.02.07"]
[Round "1"]
[White "Gomes, Mary Ann"]
[Black "Nakhapetiane, Pogos"]
[Result "1-0"]
[WhiteElo "2377"]
[BlackElo "2511"]
[PlyCount "101"]
[EventDate "2012.02.07"]
[EventType "swiss"]
[EventRounds "9"]
[EventCountry "RUS"]

1. Nf3 Nf6 2. c4 e6 3. g3 d5 4. Bg2 d4 5. d3 c5 6. O-O Nc6 7. e3 e5 8. exd4
exd4 9. Na3 Be7 10. Bf4 O-O 11. Re1 a6 12. Nc2 Bd6 13. Ne5 Nxe5 14. Bxe5 Bxe5
15. Rxe5 Qb6 16. b4 cxb4 17. Rb1 Qd6 18. Qe1 a5 19. a3 bxa3 20. Rxa5 Bg4 21.
Bxb7 Rxa5 22. Qxa5 Nd7 23. Bd5 Rb8 24. Rxb8+ Qxb8 25. Nxa3 Qb3 26. Qa8+ Nf8 27.
Qb7 Qd1+ 28. Kg2 Ne6 29. Qa8+ Nf8 30. Bf3 Bxf3+ 31. Qxf3 Qa1 32. Nb5 Ne6 33.
Nd6 Qa7 34. Qd5 h6 35. Qc6 Kh7 36. Qb7 Qa3 37. Qe4+ Kg8 38. Nb5 Qa1 39. Qd5 Qb2
40. Qa8+ Kh7 41. Nd6 Qe2 42. Qe4+ Qxe4+ 43. dxe4 Kg8 44. Kf3 Kf8 45. e5 Nc5 46.
Nf5 d3 47. Ke3 h5 48. f4 f6 49. exf6 gxf6 50. Kd4 d2 51. Ne3 1-0

[Event "Aeroflot Open 2012 B"]
[Site "Moscow"]
[Date "2012.02.07"]
[Round "1"]
[White "Belyakov, Bogdan"]
[Black "Bakre, Tejas"]
[Result "0-1"]
[WhiteElo "2375"]
[BlackElo "2509"]
[PlyCount "116"]
[EventDate "2012.02.07"]
[EventType "swiss"]
[EventRounds "9"]
[EventCountry "RUS"]

1. e4 c5 2. Nf3 d6 3. Nc3 Nf6 4. g3 g6 5. Bg2 Bg7 6. d3 Nc6 7. O-O O-O 8. Rb1
Rb8 9. a3 b5 10. Re1 Nd7 11. Be3 Nd4 12. h3 a5 13. Ne2 e5 14. c3 Nxf3+ 15. Bxf3
Nb6 16. Bg2 Be6 17. Qd2 Qd7 18. Kh2 Rfc8 19. f4 d5 20. exd5 Nxd5 21. fxe5 Bxe5
22. Rbd1 Nxe3 23. Qxe3 Bg7 24. d4 Bb3 25. Ra1 Re8 26. Qf2 Bc4 27. Rad1 Bb3 28.
Ra1 Rbd8 29. Qf3 Bc4 30. Rad1 Qe7 31. Qf2 Qc7 32. Bc6 Re6 33. d5 Rf6 34. Qe3
Rf5 35. Nf4 Be5 36. Nd3 Bd6 37. b4 axb4 38. axb4 Bxd5 39. Bxd5 Rxd5 40. Nf2 Bf8
41. Rxd5 Rxd5 42. Re2 h5 43. Ne4 Qe7 44. Nxc5 Qxe3 45. Rxe3 Bxc5 46. bxc5 Rxc5
47. h4 Kg7 48. Rf3 Rf5 49. Re3 Kf6 50. Re4 Rc5 51. Rb4 Ke5 52. Kg2 Kd5 53. Kf2
Kc6 54. Rf4 Rf5 55. Rxf5 gxf5 56. Kf3 Kd5 57. Ke3 Ke5 58. Kf3 f4 0-1

[Event "Aeroflot Open 2012 B"]
[Site "Moscow"]
[Date "2012.02.07"]
[Round "1"]
[White "Ovetchkin, Roman"]
[Black "Illner, Achim"]
[Result "1/2-1/2"]
[WhiteElo "2507"]
[BlackElo "2375"]
[PlyCount "105"]
[EventDate "2012.02.07"]
[EventType "swiss"]
[EventRounds "9"]
[EventCountry "RUS"]

1. e4 e5 2. Nf3 Nf6 3. Nxe5 d6 4. Nf3 Nxe4 5. d3 Nf6 6. d4 d5 7. Bg5 Be7 8. Bd3
h6 9. Bf4 Bd6 10. Bxd6 Qxd6 11. O-O O-O 12. Re1 Bg4 13. Nbd2 Nbd7 14. c3 Rfe8
15. Qb3 b6 16. Qa4 a5 17. Bb5 Re6 18. Rxe6 Bxe6 19. Re1 Rc8 20. Ne5 c5 21. dxc5
Nxc5 22. Qd4 Bf5 23. Nef3 Rd8 24. Qe5 Bd3 25. Qxd6 Rxd6 26. Nd4 Bxb5 27. Nxb5
Re6 28. Rxe6 fxe6 29. c4 a4 30. Kf1 Nd3 31. cxd5 exd5 32. b3 Nc1 33. bxa4 Nxa2
34. Nb3 Kf7 35. f3 Nd7 36. Ke2 Nb4 37. a5 bxa5 38. Nxa5 Ke6 39. Nd4+ Kf6 40.
Ndb3 Ne5 41. g3 g6 42. f4 Nec6 43. g4 Nd4+ 44. Nxd4 Na6 45. Ke3 Nc5 46. h3 Ne4
47. Nf3 g5 48. f5 h5 49. Nd2 Nd6 50. Kd4 hxg4 51. hxg4 Nxf5+ 52. gxf5 Kxf5 53.
Kxd5 1/2-1/2

[Event "Aeroflot Open 2012 B"]
[Site "Moscow"]
[Date "2012.02.07"]
[Round "1"]
[White "Ghosh, Diptayan"]
[Black "Dobrov, Vladimir"]
[Result "1/2-1/2"]
[WhiteElo "2372"]
[BlackElo "2496"]
[PlyCount "166"]
[EventDate "2012.02.07"]
[EventType "swiss"]
[EventRounds "9"]
[EventCountry "RUS"]

1. d4 Nf6 2. c4 c5 3. Nf3 cxd4 4. Nxd4 e5 5. Nb5 d5 6. cxd5 Bc5 7. N5c3 O-O 8.
g3 Ng4 9. e3 f5 10. Be2 Nf6 11. Nd2 Nbd7 12. a3 a6 13. b4 Ba7 14. Qb3 f4 15.
Nde4 fxe3 16. Bxe3 Bxe3 17. fxe3 Nxe4 18. Nxe4 Nf6 19. Ng5 Kh8 20. O-O h6 21.
Ne6 Bxe6 22. dxe6 Qe7 23. Rac1 Rfd8 24. Rfd1 $11 Rxd1+ 25. Rxd1 Rc8 26. Bf3 e4
27. Bg2 Rc6 28. Bh3 Kh7 29. Qb2 h5 30. Qe5 Qc7 31. Bf5+ Kh6 32. Qf4+ Qxf4 33.
exf4 g6 34. Bh3 Kg7 35. f5 gxf5 36. Bxf5 Rc3 37. a4 Rc4 38. b5 axb5 39. axb5
Rc5 40. Bh3 Kf8 41. Rf1 Ke7 42. Rf5 Rc1+ 43. Kf2 Rc2+ 44. Kg1 Rc1+ 45. Kf2 Rh1
46. Kg2 Rb1 47. Rg5 Rb2+ 48. Kg1 e3 49. Re5 Rb3 50. Kf1 Rb1+ 51. Kg2 Rb2+ 52.
Kg1 Re2 53. Rf5 Rd2 54. Re5 e2 55. Kf2 e1=Q+ 56. Kxe1 Rxh2 57. Bf1 Ng4 58. Re4
$11 Rh1 59. Ke2 Rg1 60. Rd4 Kxe6 61. Rd3 b6 62. Bh3 Ke5 63. Kf3 Nh2+ 64. Kf2
Rb1 65. Bd7 Rb2+ 66. Kg1 Ke4 67. Ra3 Nf3+ 68. Kf1 Nd2+ 69. Kg1 Kd4 70. Be8 Ne4
71. Bxh5 Rxb5 72. Bg6 Nc3 73. Kg2 Re5 74. Ra8 b5 75. Rb8 Nd5 76. Kf3 b4 77. g4
Re3+ 78. Kf2 Re7 79. Kg3 Kc3 80. Rc8+ Nc7 81. g5 b3 82. Bf5 b2 83. g6 Kd4 $11
1/2-1/2

[Event "Aeroflot Open 2012 B"]
[Site "Moscow"]
[Date "2012.02.07"]
[Round "1"]
[White "Deepan Chakkravarthy J."]
[Black "Sychev, Klementy"]
[Result "1-0"]
[WhiteElo "2495"]
[BlackElo "2362"]
[PlyCount "67"]
[EventDate "2012.02.07"]
[EventType "swiss"]
[EventRounds "9"]
[EventCountry "RUS"]

1. e4 c5 2. Nf3 d6 3. d4 cxd4 4. Nxd4 Nf6 5. Nc3 a6 6. h3 e5 7. Nde2 b5 8. g4
Bb7 9. Bg2 Nbd7 10. Ng3 h6 11. O-O Rc8 12. f4 Qc7 13. a3 g6 14. g5 hxg5 15.
fxg5 Nh5 16. Nxh5 Rxh5 17. a4 Qc5+ 18. Kh2 b4 19. Nd5 Bxd5 20. exd5 Qxc2 21.
Qf3 Rh7 22. Be3 Qb3 23. Rac1 Rd8 24. Rc7 Qxa4 25. Qg4 Be7 26. Be4 Qb3 27. Rf3
Qxb2+ 28. Rc2 Qa1 29. Rxf7 Rxf7 30. Bxg6 Nf8 31. Bh5 Rb8 32. Qf5 b3 33. Bxf7+
Kd8 34. Bb6+ 1-0

[Event "Aeroflot Open 2012 B"]
[Site "Moscow"]
[Date "2012.02.07"]
[Round "1"]
[White "Arabidze, Meri"]
[Black "Grishchenko, Sergey"]
[Result "0-1"]
[WhiteElo "2358"]
[BlackElo "2489"]
[PlyCount "66"]
[EventDate "2012.02.07"]
[EventType "swiss"]
[EventRounds "9"]
[EventCountry "RUS"]

1. d4 Nf6 2. c4 e6 3. Nf3 c5 4. d5 b5 5. dxe6 fxe6 6. cxb5 a6 7. bxa6 Bxa6 8.
g3 Nc6 9. Bh3 Be7 10. O-O O-O 11. Nc3 Qe8 12. Bg2 Qh5 13. Bf4 d5 14. a4 Rad8
15. Qb3 Nd7 16. Nb5 c4 17. Qd1 Nc5 18. Nc7 Bc8 19. a5 Nb3 20. a6 Bc5 21. Bg5
Rd6 22. Bf4 Nxa1 23. Bxd6 Bxd6 24. a7 Nxa7 25. Qxa1 Bxc7 26. Qxa7 Bd8 27. Nd4
Bf6 28. e3 Qf7 29. Qc5 Qb7 30. Bh3 e5 31. Be6+ Bxe6 32. Nxe6 Rc8 33. Qd6 Qc6
0-1

[Event "Aeroflot Open 2012 B"]
[Site "Moscow"]
[Date "2012.02.07"]
[Round "1"]
[White "Lalith, Babu M.R"]
[Black "Karavade, Eesha"]
[Result "1-0"]
[WhiteElo "2484"]
[BlackElo "2354"]
[PlyCount "93"]
[EventDate "2012.02.07"]
[EventType "swiss"]
[EventRounds "9"]
[EventCountry "RUS"]

1. Nf3 Nf6 2. c4 b6 3. g3 Bb7 4. Bg2 c5 5. O-O e6 6. Nc3 Be7 7. Re1 d6 8. e4 a6
9. d4 cxd4 10. Nxd4 Qc7 11. Be3 O-O 12. Rc1 Nbd7 13. f4 h5 14. h3 Rfe8 15. b3
Rad8 16. f5 Bf8 17. fxe6 fxe6 18. Qd2 Ne5 19. Bg5 Rb8 20. Rf1 Nh7 21. Be3 g6
22. Nde2 Bg7 23. Rcd1 Red8 24. Nd4 Qe7 25. Nf3 Bc6 26. Ng5 Nf8 27. a4 b5 28.
cxb5 axb5 29. a5 b4 30. Ne2 Bb5 31. Rf2 Bh6 32. Nd4 Ba6 33. Ngf3 Nxf3+ 34. Rxf3
Bxe3+ 35. Qxe3 Rbc8 36. Qh6 Qh7 37. Qg5 Re8 38. Qd2 Qc7 39. Qxb4 e5 40. Nb5 Qb7
41. Bf1 Rb8 42. Rxd6 Bxb5 43. Rb6 Qa7 44. Qxb5 Ne6 45. Bc4 Kh7 46. Kg2 Nd4 47.
Rf7+ 1-0

[Event "Aeroflot Open 2012 B"]
[Site "Moscow"]
[Date "2012.02.07"]
[Round "1"]
[White "Zhang, Xiaowen"]
[Black "Byelopolskiy, V."]
[Result "1-0"]
[WhiteElo "2348"]
[BlackElo "2478"]
[PlyCount "77"]
[EventDate "2012.02.07"]
[EventType "swiss"]
[EventRounds "9"]
[EventCountry "RUS"]

1. e4 e6 2. d4 d5 3. Nd2 Nf6 4. e5 Nfd7 5. f4 c5 6. Ngf3 Nc6 7. Nb3 cxd4 8.
Nbxd4 Nxd4 9. Nxd4 Bc5 10. c3 Qb6 11. Rb1 Bxd4 12. Qxd4 Qxd4 13. cxd4 Nb6 14.
b3 Bd7 15. Ba3 Rc8 16. Bd3 f5 17. h3 Kf7 18. g4 g6 19. Kd2 fxg4 20. hxg4 h5 21.
gxh5 Rxh5 22. Rxh5 gxh5 23. Rg1 Rg8 24. Rxg8 Kxg8 25. Bg6 h4 26. Ke3 Kg7 27.
Bh5 Kh6 28. Bg4 Nc8 29. Kf3 Kg6 30. Kg2 Kf7 31. Bh5+ Kg7 32. Kh3 Bb5 33. Kxh4
Bd3 34. Bg4 Kf7 35. Kg5 Bb1 36. f5 exf5 37. Bxf5 Bxa2 38. Bxc8 b6 39. Bd7 1-0

[Event "Aeroflot Open 2012 B"]
[Site "Moscow"]
[Date "2012.02.07"]
[Round "1"]
[White "Mozharov, Mikhail"]
[Black "Inants, Aghasi"]
[Result "1-0"]
[WhiteElo "2478"]
[BlackElo "2347"]
[PlyCount "83"]
[EventDate "2012.02.07"]
[EventType "swiss"]
[EventRounds "9"]
[EventCountry "RUS"]

1. d4 Nf6 2. Nf3 e6 3. c4 c5 4. Nc3 cxd4 5. Nxd4 a6 6. g3 Qc7 7. Qd3 Nc6 8.
Nxc6 Qxc6 9. e4 b6 10. f3 Bb7 11. Be2 d6 12. Be3 Be7 13. Rc1 O-O 14. O-O Nd7
15. b3 f5 16. exf5 Rxf5 $11 17. Qe4 Qxe4 18. Nxe4 Nc5 19. Nd2 Raf8 20. b4 Nd7
21. f4 h5 22. Bd3 R5f6 23. a3 g6 24. Be4 Rb8 25. Bxb7 Rxb7 26. Ne4 Rf5 27. Rfd1
d5 28. cxd5 exd5 29. Nc3 Nf6 30. Bd4 Nd7 31. Bf2 Nf6 32. Na4 a5 33. Nxb6 axb4
34. a4 Kf7 35. a5 Ne4 36. Bd4 Bf6 37. Bxf6 Nxf6 38. Rd4 Nd7 39. Nc8 Rf6 40.
Rxd5 Ke6 41. Rd6+ Kf7 42. a6 1-0

[Event "Aeroflot Open 2012 B"]
[Site "Moscow"]
[Date "2012.02.07"]
[Round "1"]
[White "Munkhgal, Gombosuren"]
[Black "Pavlov, Sergey"]
[Result "1-0"]
[WhiteElo "2340"]
[BlackElo "2477"]
[PlyCount "75"]
[EventDate "2012.02.07"]
[EventType "swiss"]
[EventRounds "9"]
[EventCountry "RUS"]

1. d4 Nf6 2. c4 e6 3. Nc3 c5 4. d5 exd5 5. cxd5 d6 6. Nf3 g6 7. Bf4 a6 8. Nd2
b5 9. a4 Nh5 10. Be3 b4 11. Nce4 f5 12. g4 fxg4 13. h3 g3 14. fxg3 Be7 15. Bh6
Nd7 16. Bg2 Ne5 17. O-O Nf7 18. Rxf7 Kxf7 19. Qb3 Ke8 20. Rf1 Bf5 21. g4 Bxe4
22. Nxe4 Nf6 23. Nxf6+ Bxf6 24. Qf3 c4 25. Qxf6 Qxf6 26. Rxf6 c3 27. bxc3 bxc3
28. Rxd6 Ke7 29. Re6+ Kd7 30. Rc6 Rhc8 31. Kf2 Rab8 32. Ke3 Rb2 33. Rxc8 Kxc8
34. Bg7 Rc2 35. Be4 Rc1 36. Kd3 c2 37. Kd2 Re1 38. Bxc2 1-0

[Event "Aeroflot Open 2012 B"]
[Site "Moscow"]
[Date "2012.02.07"]
[Round "1"]
[White "Ismagambetov, Anuar"]
[Black "Zenzera, Alexey"]
[Result "0-1"]
[WhiteElo "2476"]
[BlackElo "2337"]
[PlyCount "92"]
[EventDate "2012.02.07"]
[EventType "swiss"]
[EventRounds "9"]
[EventCountry "RUS"]

1. d4 Nf6 2. c4 e6 3. g3 Bb4+ 4. Bd2 Bxd2+ 5. Qxd2 c6 6. Bg2 d5 7. Nf3 O-O 8.
O-O b6 9. b3 Ba6 10. Qc2 Nbd7 11. Rd1 Qe7 12. Nbd2 c5 13. a4 Rac8 14. Qa2 Rfd8
15. Rac1 e5 16. dxe5 Nxe5 17. a5 b5 18. Nxe5 Qxe5 19. cxb5 Bxb5 20. e3 h5 21.
Qa3 Qe7 22. Nf3 Ba6 23. Ne1 Ne4 24. Nd3 h4 25. Nf4 Bb7 26. Qb2 Bc6 27. Qe2 Qe5
28. Nd3 Qc7 29. Nxc5 Qxa5 30. Nxe4 dxe4 31. gxh4 Bb7 32. Rxc8 Rxc8 33. Qg4 Qe5
34. h5 Kh7 35. Bf1 Rc6 36. Rd4 Rc1 37. Kg2 Bc8 38. Qh4 Qf5 39. Be2 Re1 40. h6
Rxe2 41. hxg7+ Kxg7 42. Qg3+ Qg6 43. Kf1 Qxg3 44. hxg3 Ba6 45. Kg1 Re1+ 46. Kh2
Be2 0-1

[Event "Aeroflot Open 2012 B"]
[Site "Moscow"]
[Date "2012.02.07"]
[Round "1"]
[White "Szabo, Bence"]
[Black "Nguyen, Van Huy"]
[Result "1/2-1/2"]
[WhiteElo "2330"]
[BlackElo "2473"]
[PlyCount "108"]
[EventDate "2012.02.07"]
[EventType "swiss"]
[EventRounds "9"]
[EventCountry "RUS"]

1. Nf3 Nf6 2. c4 e6 3. Nc3 d5 4. d4 Bb4 5. Bg5 Nbd7 6. e3 c5 7. cxd5 exd5 8.
Bd3 Qa5 9. O-O c4 10. Bf5 O-O 11. Ne2 Ne4 12. Bf4 Ndf6 13. Bxc8 Raxc8 14. Ne5
c3 15. bxc3 Nxc3 16. Nxc3 Bxc3 17. Rb1 b5 18. Qd3 b4 19. Qf5 Qxa2 20. Bg5 Qa6
21. Bxf6 Qxf6 22. Qd7 a5 23. Qb5 Qd8 24. Rfc1 Re8 25. Rc2 Re6 26. Ra2 Ra8 27.
Nd3 Rb6 28. Qa4 Qg5 29. Nc5 Rg6 30. g3 Qf5 31. Qc2 Qxc2 32. Rxc2 h5 33. Na4 h4
34. Kf1 Rc6 35. Ke2 Kf8 36. Kd3 Rac8 37. Rbc1 Ke7 38. Nxc3 Rxc3+ 39. Rxc3 Rxc3+
40. Rxc3 bxc3 41. Kxc3 Kd6 42. Kb3 Kc6 43. Ka4 Kb6 44. g4 f6 45. f3 h3 46. e4
dxe4 47. fxe4 Ka6 48. d5 Kb6 49. Kb3 Kb5 50. Ka3 Kc5 51. Ka4 Kb6 52. Kb3 Kb5
53. Ka3 Kc5 54. Ka4 Kb6 1/2-1/2

[Event "Aeroflot Open 2012 B"]
[Site "Moscow"]
[Date "2012.02.07"]
[Round "1"]
[White "Mohota, Nisha"]
[Black "Karpatchev, Aleksandr"]
[Result "0-1"]
[WhiteElo "2323"]
[BlackElo "2466"]
[PlyCount "140"]
[EventDate "2012.02.07"]
[EventType "swiss"]
[EventRounds "9"]
[EventCountry "RUS"]

1. d4 Nc6 2. e4 e5 3. d5 Nce7 4. g3 Ng6 5. h4 Bc5 6. h5 Nf8 7. Nd2 d6 8. Nc4 h6
9. Ne3 Ne7 10. Nf3 Nh7 11. c3 O-O 12. Nh4 Bxe3 13. Bxe3 f5 14. exf5 Nxf5 15.
Nxf5 Bxf5 16. Bg2 Qd7 17. Rh4 Nf6 18. Bf3 a5 19. g4 Be4 20. Bxe4 Nxe4 21. Qe2
Ng5 22. O-O-O Nf3 23. Rhh1 Rf7 24. Qc4 Re8 25. Qe4 b5 26. Kb1 Ref8 27. Rc1 Ng5
28. Qg2 Rf3 29. Rhd1 Ne4 30. Rc2 Qf7 31. a3 Nxf2 32. Bxf2 Rxf2 33. Rxf2 Qxf2
34. Qe4 Qf3 35. Qxf3 Rxf3 36. Rg1 Rd3 37. Kc2 Rxd5 38. g5 hxg5 39. Rxg5 Kh7 40.
b4 axb4 41. axb4 c5 42. bxc5 Rxc5 43. Kd2 e4 44. Rg6 Rxh5 45. Rxd6 Rh2+ 46. Ke3
Rh3+ 47. Kxe4 Rxc3 48. Rb6 Rb3 49. Ke5 b4 50. Kf4 Rb1 51. Kf3 b3 52. Kg2 g6 53.
Rb7+ Kh6 54. Rb5 g5 55. Rb6+ Kh5 56. Rb4 g4 57. Kg3 Kh6 58. Kh2 Kg5 59. Kg3 Kf5
60. Kh2 Ke5 61. Rxg4 Kd5 62. Rg3 Kc4 63. Rg4+ Kc3 64. Rg3+ Kb4 65. Rg8 Re1 66.
Rb8+ Kc3 67. Rc8+ Kb2 68. Kg2 Rc1 69. Rb8 Rc3 70. Kf2 Kc2 0-1

[Event "Aeroflot Open 2012 B"]
[Site "Moscow"]
[Date "2012.02.07"]
[Round "1"]
[White "Sivuk, Vitaly"]
[Black "Shevelev, Arkady"]
[Result "1-0"]
[WhiteElo "2459"]
[BlackElo "2317"]
[PlyCount "73"]
[EventDate "2012.02.07"]
[EventType "swiss"]
[EventRounds "9"]
[EventCountry "RUS"]

1. Nf3 Nf6 2. g3 d5 3. Bg2 c6 4. O-O Qc7 5. d4 Bf5 6. c4 e6 7. Nc3 Ne4 8. Nh4
Nxc3 9. bxc3 Bg4 10. h3 Bh5 11. cxd5 cxd5 12. Bf4 Qc4 13. g4 Bg6 14. Nxg6 hxg6
15. Rb1 b6 16. e4 Nd7 17. exd5 exd5 18. Re1+ Kd8 19. Qf3 Rc8 20. Bg5+ f6 21.
Bf4 g5 22. Bg3 Qxa2 23. Ra1 Qd2 24. Re3 Ba3 25. Qxd5 a5 26. Rxa3 Qc1+ 27. Kh2
Qxa3 28. Bd6 Qa4 29. Be7+ Ke8 30. Bxf6+ Kf8 31. Be7+ Ke8 32. Bxg5+ Kf8 33. Rf3+
Nf6 34. Bxf6 Qc4 35. Bxg7+ Kxg7 36. Qg5+ Kh7 37. Rf7+ 1-0